A Phenomenological model for the effect of R ratio on fatigue of strain crystallizing rubbers (Record no. 53496)

MARC details
000 -LEADER
fixed length control field 00406nam a2200133Ia 4500
100 ## - MAIN ENTRY--AUTHOR NAME
Personal name Mars W V
245 #2 - TITLE STATEMENT
Title A Phenomenological model for the effect of R ratio on fatigue of strain crystallizing rubbers
260 ## - PUBLICATION, DISTRIBUTION, ETC. (IMPRINT)
Name of publisher Rubber Chemistry and Technology
Year of publication 2003
300 ## - PHYSICAL DESCRIPTION
Number of Pages 1241-1258
650 ## - SUBJECT ADDED ENTRY--TOPICAL TERM
Topical Term Strain crystallization
700 ## - ADDED ENTRY--PERSONAL NAME
Personal name Fatemi A
942 ## - ADDED ENTRY ELEMENTS (KOHA)
Koha item type Journals
Holdings
Withdrawn status Lost status Damaged status Not for loan Home library Current library Shelving location Date acquired Serial Enumeration / chronology Koha item type
      Journals RRII Library RRII Library Rubber chemistry 17/12/2021 Volume 76, Issue 5 Journals